<?xml version="1.0" encoding="UTF-8"?>
<record
    xmlns:xsi="http://www.w3.org/2001/XMLSchema-instance"
    xsi:schemaLocation="http://www.loc.gov/MARC21/slim http://www.loc.gov/standards/marcxml/schema/MARC21slim.xsd"
    xmlns="http://www.loc.gov/MARC21/slim">

  <leader>01734nam a22002895a 4500</leader>
  <controlfield tag="003">OSt</controlfield>
  <controlfield tag="005">20180227152201.0</controlfield>
  <controlfield tag="008">180227s1980    sy a   grb    000 0 ara d</controlfield>
  <datafield tag="040" ind1=" " ind2=" ">
    <subfield code="a">EG-ScBUE</subfield>
    <subfield code="b">ara</subfield>
    <subfield code="c">EG-ScBUE</subfield>
  </datafield>
  <datafield tag="041" ind1=" " ind2=" ">
    <subfield code="a">ara</subfield>
    <subfield code="b">eng</subfield>
  </datafield>
  <datafield tag="043" ind1=" " ind2=" ">
    <subfield code="a">ma-----</subfield>
  </datafield>
  <datafield tag="082" ind1="0" ind2="4">
    <subfield code="a">371.3309174927</subfield>
    <subfield code="b">&#x639; &#x642; &#x627;</subfield>
    <subfield code="2">22</subfield>
  </datafield>
  <datafield tag="100" ind1="1" ind2=" ">
    <subfield code="a">&#x639;&#x642;&#x627;&#x62F;&#x60C; &#x644;&#x64A;&#x644;&#x649;.</subfield>
  </datafield>
  <datafield tag="245" ind1="1" ind2="0">
    <subfield code="a">&#x646;&#x62D;&#x648; &#x62C;&#x627;&#x645;&#x639;&#x629; &#x639;&#x631;&#x628;&#x64A;&#x629; &#x645;&#x641;&#x62A;&#x648;&#x62D;&#x629; &#x639;&#x628;&#x631; &#x627;&#x644;&#x634;&#x628;&#x643;&#x629; &#x627;&#x644;&#x641;&#x636;&#x627;&#x626;&#x64A;&#x629; &#x627;&#x644;&#x639;&#x631;&#x628;&#x64A;&#x629; /</subfield>
    <subfield code="c">&#x644;&#x64A;&#x644;&#x649; &#x627;&#x644;&#x639;&#x642;&#x627;&#x62F;.</subfield>
  </datafield>
  <datafield tag="246" ind1="3" ind2="5">
    <subfield code="a">Towards an Arab open university through the Arab space network</subfield>
  </datafield>
  <datafield tag="260" ind1=" " ind2=" ">
    <subfield code="a">&#x62D;&#x644;&#x628; :</subfield>
    <subfield code="b">&#x62C;&#x627;&#x645;&#x639;&#x629; &#x62D;&#x644;&#x628; &#x644;&#x644;&#x646;&#x634;&#x631;&#x60C;</subfield>
    <subfield code="c">1980.</subfield>
  </datafield>
  <datafield tag="300" ind1=" " ind2=" ">
    <subfield code="a">495&#x60C; 14 &#x635;. :</subfield>
    <subfield code="b">&#x625;&#x64A;&#x636;. &#x61B;</subfield>
    <subfield code="c">24 &#x633;&#x645;.</subfield>
  </datafield>
  <datafield tag="500" ind1=" " ind2=" ">
    <subfield code="a">&#x647;&#x630;&#x627; &#x627;&#x644;&#x643;&#x62A;&#x627;&#x628; &#x631;&#x633;&#x627;&#x644;&#x629; &#x646;&#x627;&#x644;&#x62A; &#x628;&#x647;&#x627; &#x627;&#x644;&#x645;&#x624;&#x644;&#x641;&#x629; &#x62F;&#x631;&#x62C;&#x629; &#x627;&#x644;&#x62F;&#x643;&#x62A;&#x648;&#x631;&#x627;&#x647; &#x628;&#x627;&#x644;&#x625;&#x639;&#x644;&#x627;&#x645; &#x628;&#x645;&#x631;&#x62A;&#x628;&#x629; &#x627;&#x644;&#x634;&#x631;&#x641; &#x645;&#x646; &#x62C;&#x627;&#x645;&#x639;&#x629; &#x627;&#x644;&#x642;&#x627;&#x647;&#x631;&#x629; - &#x643;&#x644;&#x64A;&#x629; &#x627;&#x644;&#x625;&#x639;&#x644;&#x627;&#x645; &#x639;&#x627;&#x645; 1979 &#x648;&#x642;&#x62F; &#x62A;&#x645;&#x62A; &#x637;&#x628;&#x627;&#x639;&#x62A;&#x647; &#x628;&#x639;&#x62F; &#x623;&#x646; &#x623;&#x62F;&#x62E;&#x644;&#x62A; &#x627;&#x644;&#x645;&#x624;&#x644;&#x641;&#x629; &#x628;&#x639;&#x636; &#x627;&#x644;&#x62A;&#x639;&#x62F;&#x64A;&#x644;&#x627;&#x62A; &#x639;&#x644;&#x64A;&#x647; &#x648;&#x643;&#x627;&#x646; &#x645;&#x648;&#x636;&#x648;&#x639; &#x627;&#x644;&#x628;&#x62D;&#x62B; "&#x62F;&#x648;&#x631; &#x648;&#x633;&#x627;&#x626;&#x644; &#x627;&#x644;&#x625;&#x639;&#x644;&#x627;&#x645; &#x641;&#x64A; &#x627;&#x644;&#x62C;&#x627;&#x645;&#x639;&#x627;&#x62A; &#x627;&#x644;&#x645;&#x641;&#x62A;&#x648;&#x62D;&#x629;" &#x645;&#x639; &#x628;&#x62D;&#x62B; &#x625;&#x645;&#x643;&#x627;&#x646;&#x64A;&#x629; &#x62A;&#x637;&#x628;&#x64A;&#x642; &#x646;&#x638;&#x627;&#x645; &#x627;&#x644;&#x62C;&#x627;&#x645;&#x639;&#x629; &#x627;&#x644;&#x645;&#x641;&#x62A;&#x648;&#x62D;&#x629; &#x628;&#x628;&#x631;&#x64A;&#x637;&#x627;&#x646;&#x64A;&#x627; &#x639;&#x644;&#x649; &#x627;&#x644;&#x648;&#x637;&#x646; &#x627;&#x644;&#x639;&#x631;&#x628;&#x64A; &#x628;&#x627;&#x633;&#x62A;&#x62E;&#x62F;&#x627;&#x645; &#x627;&#x644;&#x642;&#x645;&#x631; &#x627;&#x644;&#x635;&#x646;&#x627;&#x639;&#x64A; &#x627;&#x644;&#x639;&#x631;&#x628;&#x64A;.</subfield>
  </datafield>
  <datafield tag="504" ind1=" " ind2=" ">
    <subfield code="a">&#x64A;&#x634;&#x62A;&#x645;&#x644; &#x639;&#x644;&#x649; &#x625;&#x631;&#x62C;&#x627;&#x639;&#x627;&#x62A; &#x628;&#x628;&#x644;&#x64A;&#x648;&#x62C;&#x631;&#x627;&#x641;&#x64A;&#x629;.</subfield>
  </datafield>
  <datafield tag="546" ind1=" " ind2=" ">
    <subfield code="a">&#x627;&#x644;&#x646;&#x635; &#x628;&#x627;&#x644;&#x644;&#x63A;&#x629; &#x627;&#x644;&#x639;&#x631;&#x628;&#x64A;&#x629; &#x61B; &#x648;&#x645;&#x644;&#x62E;&#x635; &#x628;&#x627;&#x644;&#x644;&#x63A;&#x629; &#x627;&#x644;&#x625;&#x646;&#x62C;&#x644;&#x64A;&#x632;&#x64A;&#x629;.</subfield>
  </datafield>
  <datafield tag="650" ind1=" " ind2="7">
    <subfield code="a">&#x627;&#x644;&#x62A;&#x639;&#x644;&#x64A;&#x645; &#x627;&#x644;&#x639;&#x627;&#x644;&#x64A;</subfield>
    <subfield code="z">&#x627;&#x644;&#x628;&#x644;&#x627;&#x62F; &#x627;&#x644;&#x639;&#x631;&#x628;&#x64A;&#x629;.</subfield>
    <subfield code="2">BUEsh</subfield>
  </datafield>
  <datafield tag="650" ind1=" " ind2="7">
    <subfield code="a">&#x62A;&#x643;&#x646;&#x648;&#x644;&#x648;&#x62C;&#x64A;&#x627; &#x627;&#x644;&#x62A;&#x639;&#x644;&#x64A;&#x645;</subfield>
    <subfield code="z">&#x627;&#x644;&#x628;&#x644;&#x627;&#x62F; &#x627;&#x644;&#x639;&#x631;&#x628;&#x64A;&#x629;.</subfield>
    <subfield code="2">BUEsh</subfield>
  </datafield>
  <datafield tag="650" ind1=" " ind2="7">
    <subfield code="a">&#x627;&#x644;&#x62A;&#x639;&#x644;&#x64A;&#x645; &#x639;&#x646; &#x628;&#x639;&#x62F;.</subfield>
    <subfield code="2">BUEsh</subfield>
  </datafield>
  <datafield tag="651" ind1=" " ind2=" ">
    <subfield code="2">BUEsh</subfield>
  </datafield>
  <datafield tag="653" ind1=" " ind2=" ">
    <subfield code="b">GGEN</subfield>
    <subfield code="c">February2018</subfield>
  </datafield>
  <datafield tag="942" ind1=" " ind2=" ">
    <subfield code="2">ddc</subfield>
  </datafield>
  <datafield tag="999" ind1=" " ind2=" ">
    <subfield code="c">26193</subfield>
    <subfield code="d">26165</subfield>
  </datafield>
  <datafield tag="952" ind1=" " ind2=" ">
    <subfield code="0">0</subfield>
    <subfield code="1">0</subfield>
    <subfield code="2">ddc</subfield>
    <subfield code="4">0</subfield>
    <subfield code="7">0</subfield>
    <subfield code="a">MAIN</subfield>
    <subfield code="b">MAIN</subfield>
    <subfield code="c">1ST</subfield>
    <subfield code="d">2018-02-27</subfield>
    <subfield code="o">371.3309174927 &#x639; &#x642; &#x627;</subfield>
    <subfield code="p">000043020</subfield>
    <subfield code="r">2025-07-15 00:00:00</subfield>
    <subfield code="y">BB</subfield>
  </datafield>
</record>
